Transatlantic Television Quiz Stats

 Plays Quiz Updated Jan 28, 2015

Challenge
Share
Tweet
Embed
Score 0/24 Timer 03:00
0 Plays Today
TV Show UK or US? % Correct
The Office???
90%
The Inbetweeners???
85%
The Weakest Link???
84.5%
Wheel of Fortune???
83%
The Price is Right???
80.2%
Geordie Shore/Jersey Shore???
78.2%
Skins???
76.3%
Britain (& Ireland)'s Next Top Model/America's Next Top Model???
74.2%
Shameless???
72.6%
Who Do You Think You Are????
69.7%
Family Fortunes/Family Feud???
68.7%
The Apprentice???
66.4%
TV Show UK or US? % Correct
The Brighton Belles/The Golden Girls???
63.8%
Strictly Come Dancing/Dancing With the Stars???
62.6%
Pop Idol/American Idol???
60.8%
Changing Rooms/Trading Spaces???
60.8%
Gladiators/American Gladiators???
58.4%
Total Wipeout/Wipeout???
56.8%
Whose Line is it Anyway????
56.4%
House of Cards???
55.3%
Who Wants to Be a Millionaire????
51.6%
This is Your Life???
49.9%
Blockbusters???
41.6%
Britain's Got Talent/America's Got Talent???
29.3%

You're not logged in!

Compare scores with friends on all Sporcle quizzes.
Join for Free
OR
Log In

You Might Also Like...

Show Comments

Extras

Top Quizzes Today


Score Distribution

Your Account Isn't Verified!

In order to create a playlist on Sporcle, you need to verify the email address you used during registration. Go to your Sporcle Settings to finish the process.

Report this User

Report this user for behavior that violates our Community Guidelines.

Details: